000 00553nam a2200193 i 4500
001 39890
003 ES-MaACL
005 20250804063356.0
007 t|
008 030304s1964 sp a |||| | spa d
100 1 _aCandel, Francisco,
_d1925-2007
_934448
245 1 0 _aRichard /
_cFrancisco Candel.
260 _aBarcelona :
_bOccitania,
_c[1964]
300 _a45 p. :
_bil. ;
_c21 cm.
490 1 _aEl sombrero de Danton ;
_v7
830 0 _aEl sombrero de Danton ;
_v7
_9181824
852 _aES-MaACL
_j2044-F-18
999 _c39890
_d39890